书目信息 |
| 题名: |
跨域视角下的文化政策研究
|
|
| 作者: | 任珺 著 | |
| 分册: | ||
| 出版信息: | 北京 社会科学文献出版社 2014 |
|
| 页数: | 274页 | |
| 开本: | 24cm | |
| 丛书名: | ||
| 单 册: | ||
| 中图分类: | G11 | |
| 科图分类: | ||
| 主题词: | 文化事业--Wen Hua Shi Ye--方针政策--研究--世界 | |
| 电子资源: | ||
| ISBN: | 978-7-5097-5619-5 | |
| 000 | 00970nam0 22002411 450 | |
| 001 | 350662 | |
| 005 | 20161012081121.43 | |
| 010 | @a978-7-5097-5619-5@dCNY59.00 | |
| 100 | @a20140411d2014 em y0chiy50 ea | |
| 101 | 0 | @achi |
| 102 | @aCN@b110000 | |
| 105 | @ay z 000yy | |
| 106 | @ar | |
| 200 | 1 | @a跨域视角下的文化政策研究@AKua Yu Shi Jiao Xia De Wen Hua Zheng Ce Yan Jiu@dA cultural policy study from an inter-disciplinary perspective@f任珺著@zeng |
| 210 | @a北京@c社会科学文献出版社@d2014 | |
| 215 | @a274页@d24cm | |
| 330 | @a本书以文化政策为研究对象,尝试运用多种分析方法进行跨学科综合研究。重点对文化治理、文化测量、文化参与等问题进行探讨,力图呈现当代文化政策研究的概况和焦点。 | |
| 510 | 1 | @aCultural policy study from an inter-disciplinary perspective@zeng |
| 606 | 0 | @a文化事业@AWen Hua Shi Ye@x方针政策@x研究@y世界 |
| 690 | @aG11@v5 | |
| 701 | 0 | @a任珺@ARen Jun@c(文化研究)@4著 |
| 801 | 0 | @aCN@bTANGWEI@c20160805 |
| 905 | @b0891155-9@dG11@e49@f5 | |
| 跨域视角下的文化政策研究=A cultural policy study from an inter-disciplinary perspective/任珺著.-北京:社会科学文献出版社,2014 |
| 274页;24cm |
| ISBN 978-7-5097-5619-5:CNY59.00 |
| 本书以文化政策为研究对象,尝试运用多种分析方法进行跨学科综合研究。重点对文化治理、文化测量、文化参与等问题进行探讨,力图呈现当代文化政策研究的概况和焦点。 |
| ● |
| 相关链接 |
|
|
|
|
正题名:跨域视角下的文化政策研究
索取号:G11/49
 
预约/预借
| 序号 | 登录号 | 条形码 | 馆藏地/架位号 | 状态 | 备注 |
| 1 | 0891155 | 208911551 | 第一样本阅览室/ [索取号:G11/49] | 在馆 | |
| 2 | 0891156 | 208911560 | 第四借阅区/ [索取号:G11/49] | 在馆 | |
| 3 | 0891157 | 208911579 | 第四借阅区/ [索取号:G11/49] | 在馆 | |
| 4 | 0891158 | 208911588 | 第四借阅区/ [索取号:G11/49] | 在馆 | |
| 5 | 0891159 | 208911597 | 第四借阅区/ [索取号:G11/49] | 在馆 |